<?xml version="1.0" encoding="UTF-8"?><?xml-stylesheet type="text/xsl" href="static/style.xsl"?><OAI-PMH xmlns="http://www.openarchives.org/OAI/2.0/" xmlns:xsi="http://www.w3.org/2001/XMLSchema-instance" xsi:schemaLocation="http://www.openarchives.org/OAI/2.0/ http://www.openarchives.org/OAI/2.0/OAI-PMH.xsd"><responseDate>2026-06-02T00:36:15Z</responseDate><request verb="GetRecord" identifier="oai:riuma.uma.es:10630/30927" metadataPrefix="marc">https://riuma.uma.es/rest/oai/request</request><GetRecord><record><header><identifier>oai:riuma.uma.es:10630/30927</identifier><datestamp>2026-02-03T11:04:35Z</datestamp><setSpec>com_10630_2254</setSpec><setSpec>col_10630_37953</setSpec></header><metadata><record xmlns="http://www.loc.gov/MARC21/slim" xmlns:dcterms="http://purl.org/dc/terms/" xmlns:doc="http://www.lyncode.com/xoai" xmlns:xsi="http://www.w3.org/2001/XMLSchema-instance" xsi:schemaLocation="http://www.loc.gov/MARC21/slim http://www.loc.gov/standards/marcxml/schema/MARC21slim.xsd">
   <leader>00925njm 22002777a 4500</leader>
   <datafield ind2=" " ind1=" " tag="042">
      <subfield code="a">dc</subfield>
   </datafield>
   <datafield ind2=" " ind1=" " tag="720">
      <subfield code="a">Plaza-Angulo, Juan José</subfield>
      <subfield code="e">author</subfield>
   </datafield>
   <datafield ind2=" " ind1=" " tag="720">
      <subfield code="a">López-Toro, Alberto Antonio</subfield>
      <subfield code="e">author</subfield>
   </datafield>
   <datafield ind2=" " ind1=" " tag="260">
      <subfield code="c">2024-03-26</subfield>
   </datafield>
   <datafield ind2=" " ind1=" " tag="520">
      <subfield code="a">Higher education is increasingly oriented towards educating in values, based on the acquisition of&#xd;
practical skills. This has led to the development of active methodologies which complement&#xd;
theory-based learning and classroom lectures. Service-learning integrates ethical and social&#xd;
commitment by applying previously acquired skills and knowledge in real-life situations. This&#xd;
study aims to analyse the self-perception of transversals skills among students of business&#xd;
administration through a service-learning and the possible influence of gender. A questionnaire&#xd;
comprising 57 variables using a Likert scale was administered to a sample of 210 students, the&#xd;
data were analysed, and statistic significance tests were carried out. The results suggest there is a&#xd;
positive relationship between participation in the service-learning activity and the level of skill,&#xd;
especially for ethical and social skills, with significant differences by gender. This work aims to&#xd;
contribute to the consolidation of service-learning as a tool for the acquisition of ethical and social&#xd;
skills at universities, which is so important for future managers of companies and organisations.</subfield>
   </datafield>
   <datafield ind1="8" ind2=" " tag="024">
      <subfield code="a">Juan José Plaza-Angulo, Alberto A. López-Toro, The perception of transversal skills among students of business administration: Gender gap. Service-learning, gender and skills in higher education, The International Journal of Management Education, Volume 22, Issue 2, 2024, 100970, ISSN 1472-8117</subfield>
   </datafield>
   <datafield ind1="8" ind2=" " tag="024">
      <subfield code="a">https://hdl.handle.net/10630/30927</subfield>
   </datafield>
   <datafield ind1="8" ind2=" " tag="024">
      <subfield code="a">10.1016/j.ijme.2024.100970</subfield>
   </datafield>
   <datafield tag="653" ind2=" " ind1=" ">
      <subfield code="a">Enseñanza superior</subfield>
   </datafield>
   <datafield tag="653" ind2=" " ind1=" ">
      <subfield code="a">Voluntariado</subfield>
   </datafield>
   <datafield tag="653" ind2=" " ind1=" ">
      <subfield code="a">Estudiantes universitarios</subfield>
   </datafield>
   <datafield ind2="0" ind1="0" tag="245">
      <subfield code="a">The perception of transversal skills among students of business administration: Gender gap. Service-learning, gender and skills in higher education</subfield>
   </datafield>
</record>
</metadata></record></GetRecord></OAI-PMH>